[Event "Pinneberg op Seniors 10th"]
[Site "Pinneberg"]
[Date "2009.06.25"]
[Round "1"]
[White "Sakuth, Eckard"]
[Black "Dangelowski, Peter"]
[Result "0-1"]
[WhiteElo "1433"]
[BlackElo "1828"]
[PlyCount "62"]
[EventDate "2009.06.25"]
[EventType "swiss"]
[EventRounds "4"]
[EventCountry "GER"]
[SourceTitle "EXT 2011"]
[Source "ChessBase"]
[SourceDate "2010.11.26"]
[SourceVersion "1"]
[SourceVersionDate "2010.11.26"]
[SourceQuality "1"]

1. Nf3 d5 2. d4 Nf6 3. Nbd2 c6 4. e3 Nbd7 5. c4 e6 6. c5 Qc7 7. b4 e5 8. dxe5 Nxe5 9. Bb2 Nxf3+ 10. Nxf3 Be7 11. Be5 Qd8 12. Be2 0-0 13. h3 b6 14. Nd4 Bb7 15. Qc1 Nd7 16. Bd6 Bxd6 17. cxd6 Qf6 18. Nxc6 Bxc6 19. Qxc6 Qxa1+ 20. Bd1 Nf6 21. 0-0 Qxa2 22. d7 Qc4 23. Ba4 Qxc6 24. Bxc6 Rad8 25. Rd1 Nxd7 26. Rxd5 Nb8 27. Rxd8 Rxd8 28. Bf3 Na6 29. b5 Nc7 30. Bc6 Rd1+ 31. Kh2 Rb1 0-1

[Event "Hamburg Seniors op 12th"]
[Site "Hamburg"]
[Date "2005.11.01"]
[Round "5"]
[White "Stubbe, Werner"]
[Black "Sakuth, Eckard"]
[Result "1/2-1/2"]
[WhiteElo "1728"]
[BlackElo "1603"]
[PlyCount "133"]
[EventDate "2005.10.28"]
[EventType "swiss"]
[EventRounds "9"]
[EventCountry "GER"]
[SourceTitle "EXT 2007"]
[Source "ChessBase"]
[SourceDate "2006.11.23"]
[SourceVersion "1"]
[SourceVersionDate "2006.11.23"]
[SourceQuality "1"]

1. e3 d5 2. f4 Nf6 3. Nf3 e6 4. b3 Be7 5. Bb2 0-0 6. d3 Nbd7 7. Nbd2 c5 8. Ne5 Nxe5 9. fxe5 Nd7 10. Nf3 Qa5+ 11. c3 d4 12. Qd2 dxe3 13. Qxe3 Nb6 14. Be2 Nd5 15. Qd2 b5 16. 0-0 Bb7 17. a3 a6 18. b4 Qb6 19. bxc5 Qxc5+ 20. d4 Qc6 21. Bd3 Nb6 22. Qc2 g6 23. Rae1 Rac8 24. Qf2 Na4 25. Be4 Qc7 26. Bxb7 Qxb7 27. Qd2 Nxb2 28. Qxb2 Qc6 29. Re3 a5 30. Nd2 Bg5 31. Rh3 Kg7 32. Qc2 Bxd2 33. Qxd2 h5 34. Qg5 Kh7 35. Rxh5+ gxh5 36. Rf6 Qxg2+ 37. Qxg2 Rg8 38. Qxg8+ Rxg8+ 39. Kf2 Kg7 40. Ke3 Rc8 41. Kd3 Rc4 42. Rf2 Kg6 43. Rb2 Ra4 44. Rb3 Kg5 45. Ke4 Kg4 46. h3+ Kg5 47. Rxb5 Rxa3 48. c4 a4 49. c5 Rxh3 50. c6 a3 51. Ra5 Rc3 52. d5 Rc4+ 53. Kd3 exd5 54. Rxd5 Rxc6 55. Ra5 Re6 56. Kd4 Kf4 57. Rxa3 Rxe5 58. Ra7 Rf5 59. Ra1 h4 60. Rf1+ Kg5 61. Rg1+ Kh5 62. Ke4 Rg5 63. Rf1 f5+ 64. Kf4 h3 65. Rh1 Kh4 66. Rxh3+ Kxh3 67. Kxg5 1/2-1/2

[Event "Hamburg Robinow op"]
[Site "Hamburg"]
[Date "2005.10.09"]
[Round "9"]
[White "Sakuth, Eckard"]
[Black "Klinkow, Alexander"]
[Result "1-0"]
[WhiteElo "1522"]
[BlackElo "1772"]
[PlyCount "55"]
[EventDate "2005.10.01"]
[EventType "swiss"]
[EventRounds "9"]
[EventCountry "GER"]
[SourceTitle "CBM 108 Extra"]
[Source "ChessBase"]
[SourceDate "2005.11.04"]
[SourceVersion "1"]
[SourceVersionDate "2005.11.04"]
[SourceQuality "1"]

1. Nf3 c5 2. e3 e6 3. c3 Nf6 4. d4 Nc6 5. Nbd2 Qc7 6. Be2 Be7 7. 0-0 b6 8. h3 Bb7 9. e4 d6 10. Qc2 Rc8 11. Bd3 cxd4 12. cxd4 0-0 13. a3 Rfe8 14. Nb3 Bf8 15. Be3 Qe7 16. Qb1 g6 17. Bg5 e5 18. d5 Nb8 19. Re1 Bg7 20. Qd1 Rc7 21. Qd2 Rec8 22. Rac1 Na6 23. Bb5 Nc5 24. Nxc5 Rxc5 25. Bf1 Qc7 26. b3 Rc2 27. Qd1 h6 28. Bd2 1-0

[Event "Hamburg Robinow op"]
[Site "Hamburg"]
[Date "2005.10.03"]
[Round "3"]
[White "Sakuth, Eckard"]
[Black "Mahendiran, Sadadchcharam"]
[Result "1/2-1/2"]
[WhiteElo "1522"]
[BlackElo "1688"]
[PlyCount "182"]
[EventDate "2005.10.01"]
[EventType "swiss"]
[EventRounds "9"]
[EventCountry "GER"]
[SourceTitle "CBM 108 Extra"]
[Source "ChessBase"]
[SourceDate "2005.11.04"]
[SourceVersion "1"]
[SourceVersionDate "2005.11.04"]
[SourceQuality "1"]

1. Nf3 d5 2. d4 e6 3. Nbd2 c5 4. dxc5 Bxc5 5. a3 Nc6 6. b4 Be7 7. Bb2 Nf6 8. e3 a6 9. Be2 0-0 10. 0-0 b5 11. Ne5 Nxe5 12. Bxe5 Bb7 13. c3 Nd7 14. Bg3 Bf6 15. Rc1 Rc8 16. Nb1 Nb6 17. Qd2 Rc6 18. Rc2 Na4 19. Bf3 Qc8 20. Rfc1 Rd8 21. h3 Nb6 22. h4 Nc4 23. Qe1 Ne5 24. Be2 Ng6 25. h5 Ne5 26. Rd1 Qa8 27. f4 Nd7 28. Bf3 Nb6 29. Bf2 Na4 30. g4 h6 31. Bh4 Bxh4 32. Qxh4 Rdc8 33. Rdc1 Qa7 34. Qf2 R6c7 35. Qd2 Rc4 36. Kg2 Qa8 37. Kg3 R8c7 38. Qg2 Qc8 39. Qd2 Nb6 40. Be2 R4c6 41. Bf3 Nc4 42. Qf2 Nd6 43. Qe1 Qa8 44. Qd2 Nc4 45. Qd4 Nd6 46. Qd2 Qa7 47. Qd4 Qxd4 48. exd4 Nc4 49. Kf2 Kf8 50. Ke2 a5 51. Kf2 Ke7 52. Ke2 Kd6 53. Kd3 axb4 54. axb4 f6 55. Ra2 e5 56. fxe5+ fxe5 57. dxe5+ Nxe5+ 58. Ke2 Re7 59. Rd1 Nxg4+ 60. Kd2 Ne3 61. Rg1 Nc4+ 62. Kc2 Ne5 63. Bh1 Rcc7 64. Na3 Bc6 65. Rd1 Rb7 66. Kb3 Nc4 67. Nc2 Ne3 68. Nxe3 Rxe3 69. Rad2 Re5 70. Rg2 Be8 71. Rgd2 Bf7 72. Kb2 Rxh5 73. Bf3 Re5 74. Ra1 h5 75. Ra6+ Ke7 76. Ra8 g5 77. Rh8 g4 78. Bg2 Rb6 79. Rh7 Rd6 80. Bf1 Rg5 81. Bxb5 d4 82. Bc4 dxc3+ 83. Kxc3 Rf6 84. Re2+ Kf8 85. Bxf7 Rxf7 86. Rh8+ Kg7 87. Ree8 Kf6 88. Rh6+ Kg7 89. Rhh8 Kf6 90. Rh6+ Rg6 91. Rhh8 g3 1/2-1/2

[Event "HSG/BUE-ch"]
[Site "Hamburg"]
[Date "2003.12.05"]
[Round "17"]
[White "Prior, Alex"]
[Black "Sakuth, Eckard"]
[Result "1-0"]
[WhiteElo "1582"]
[BlackElo "1659"]
[PlyCount "105"]
[EventDate "2003.07.04"]
[EventType "swiss"]
[EventRounds "18"]
[EventCountry "GER"]
[SourceTitle "EXT 2009"]
[Source "ChessBase"]
[SourceDate "2008.11.26"]
[SourceVersion "1"]
[SourceVersionDate "2008.11.26"]
[SourceQuality "1"]

1. e4 e5 2. Nf3 d6 3. Bc4 Be7 4. Nc3 Nf6 5. d3 0-0 6. h3 Nc6 7. Be3 Na5 8. Bb3 Nxb3 9. axb3 b6 10. 0-0 Bb7 11. Qd2 Re8 12. Ne2 Bf8 13. c4 Qd7 14. Ng3 c5 15. Bg5 Qe6 16. Nf5 Bxe4 17. Nxg7 Bxg7 18. Bxf6 Bxf3 19. Bxg7 Kxg7 20. gxf3 Qxh3 21. Qg5+ Kf8 22. Qg4 Qh6 23. Rfe1 Re6 24. Kf1 Qg6 25. Qe4 Ree8 26. Ra6 Qxe4 27. fxe4 Reb8 28. Ke2 Kg8 29. Rg1+ Kh8 30. Rg5 Rb7 31. Rg1 f6 32. Kf3 Rg7 33. Rga1 Rb7 34. Kg4 Kg7 35. Kf5 Kf7 36. Rh1 Kg7 37. Ke6 Rd8 38. Rha1 Rdd7 39. Rg1+ Kh8 40. Rh1 Kg7 41. Rg1+ Kh8 42. Rh1 Kg8 43. Rg1+ Kh8 44. Rh1 Kg7 45. Rg1+ Kh6 46. Kxf6 Rf7+ 47. Ke6 Rxf2 48. Kxd6 Rxb2 49. Kxe5 Rxb3 50. d4 cxd4 51. Kxd4 Rd7+ 52. Ke5 Re7+ 53. Kf6 1-0

[Event "HSG/BUE-ch"]
[Site "Hamburg"]
[Date "2003.11.14"]
[Round "15"]
[White "Kling, Guenter"]
[Black "Sakuth, Eckard"]
[Result "1-0"]
[WhiteElo "1760"]
[BlackElo "1659"]
[PlyCount "133"]
[EventDate "2003.07.04"]
[EventType "swiss"]
[EventRounds "18"]
[EventCountry "GER"]
[SourceTitle "EXT 2009"]
[Source "ChessBase"]
[SourceDate "2008.11.26"]
[SourceVersion "1"]
[SourceVersionDate "2008.11.26"]
[SourceQuality "1"]

1. d4 d5 2. e3 Nf6 3. c4 c6 4. Nc3 e6 5. Nf3 Be7 6. Be2 0-0 7. 0-0 Nbd7 8. b3 h6 9. Bb2 a5 10. Na4 b6 11. Rc1 Bb7 12. Rc2 Ba6 13. Nc3 Qb8 14. cxd5 Bxe2 15. Nxe2 cxd5 16. Qd3 Bd6 17. Ng3 b5 18. Rfc1 b4 19. Rc6 a4 20. bxa4 Rxa4 21. Ra6 Rxa6 22. Qxa6 Nb6 23. Ne5 Bxe5 24. dxe5 Nfd7 25. Bd4 Nc4 26. f4 g6 27. Nf1 Rc8 28. Nd2 Qa8 29. Qxa8 Rxa8 30. Nxc4 dxc4 31. Rxc4 Rxa2 32. Rxb4 Ra8 33. Rb7 Nf8 34. Bc5 Nh7 35. h4 Kg7 36. g4 Ra5 37. Bd4 Ra2 38. f5 gxf5 39. gxf5 Ra6 40. f6+ Kg6 41. Kg2 h5 42. Rb8 Rc6 43. Kf3 Rc4 44. Rg8+ Kh6 45. Rg7 Rc1 46. e4 Rf1+ 47. Ke2 Nxf6 48. Rxf7 Rh1 49. Rxf6+ Kg7 50. Bf2 Rb1 51. Rxe6 Rb2+ 52. Kf3 Rb3+ 53. Be3 Rb1 54. Re7+ Kg6 55. Re6+ Kg7 56. Rd6 Rf1+ 57. Ke2 Rh1 58. Bg5 Rh2+ 59. Kd3 Rh1 60. Kd4 Rd1+ 61. Kc5 Re1 62. Kd5 Rd1+ 63. Ke6 Rf1 64. Rd7+ Kg6 65. Rd8 Kg7 66. Bf6+ Kh7 67. Kf7 1-0